Nishan-E-Rah (Record no. 815)

MARC details
000 -LEADER
fixed length control field 00570nam a2200241 a 4500
020 ## - INTERNATIONAL STANDARD BOOK NUMBER
ISBN
082 00 - DEWEY DECIMAL CLASSIFICATION NUMBER
Classification number 297.8
Author Cutter MAW
100 ## - MAIN ENTRY--AUTHOR NAME
Author name Mawdoodi, Abul Ala
245 ## - TITLE STATEMENT
Title Nishan-E-Rah
260 ## - PUBLICATION, DISTRIBUTION, ETC. (IMPRINT)
Place of publication Delhi
Name of publisher Jamat-E-Islami Book Depot
Year of publication 1937
300 ## - PHYSICAL DESCRIPTION
Number of Pages 56p.
500 ## - GENERAL NOTE
General note includes index and biblioraphy
505 2# - FORMATTED CONTENTS NOTE
Formatted contents note Index, Ill.
650 ## - SUBJECT ADDED ENTRY--TOPICAL TERM
Topical Term Islam-Sects
942 ## - ADDED ENTRY ELEMENTS (KOHA)
Koha item type Books
700 1# -
-- Mawdoodi, Abul Ala
Holdings
Collection code Home library Current library Date acquired Cost, normal purchase price Full call number Accession Number Koha item type
  Henry Martyn Institute Library Henry Martyn Institute Library 07/13/2007 100.00 297.8 MAW 02703 Books
                   Copyright © 2026 | Henry Martyn Institute | Hyderabad | TS-500052 | INDIA | Implemented by hmi.edu.in
Hit-Count:

Powered by Koha